| 000 | 00623cam a2200205 a 4500 | ||
|---|---|---|---|
| 020 | _a0177610611 : | ||
| 020 | _a0177710837 (pbk.) | ||
| 082 | 0 | 0 |
_a624.171 _bCOA _cL-26 ,p-64 |
| 100 | 1 |
_aCoates, R. C. _938789 |
|
| 245 | 1 | 0 |
_aStructural analysis / _c[by] R.C. Coates, M.G. Coutie, F.K. Kong. |
| 250 | _a1st ed. | ||
| 260 |
_aWalton-on-Thames : _bNelson, _c1972. |
||
| 300 |
_ax, 579 p. : _bill. ; _c24 cm. |
||
| 526 |
_a0 _b0 _c0 _d624_171000000000000_COA |
||
| 650 | 0 |
_aMCE _9379 |
|
| 650 | 0 |
_aStructural analysis (Engineering) _9654 |
|
| 700 | 1 |
_aCoutie, M. G. _938790 |
|
| 700 | 1 |
_aKong, F. K. _938791 |
|
| 942 |
_2ddc _cBK |
||
| 999 |
_c547582 _d547582 |
||